000 00752nam a2200253Ia 4500
003 OSt
005 20220928124652.0
006 a|||||r|||| 00| 0
007 ta
008 220927b |||||||| |||| 00| 0 eng d
020 _a9789354550690
_cIndian Rupees 2950
024 _a146554
037 _bGift, 13/04/2022,
_cTextual
040 _aSDCL
_cSDCL
_beng
041 _2eng
_aeng
082 _aV2:196'P, R2
100 _aSingh Gurjit
_9466646
245 0 _aHarambee factor
_b India-Africa economic and development partnership
260 _aDelhi
_bMacmillan
_c2022
300 _axvi,438p.
_ccm.
650 _aGift
_9391569
942 _hV2:196'P, R2
_cTEXL
_2CC
999 _c779477
_d779477